| 000 | 00817nam a2200241 u 4500 | ||
|---|---|---|---|
| 001 | 000046850 | ||
| 003 | DO-SdBNP | ||
| 005 | 20211203125433.0 | ||
| 008 | 100809s2016 dr r 000 0 spa d | ||
| 020 | _a9789945085808 | ||
| 040 |
_aDO-SdBNP _bspa _cBPMSU |
||
| 082 |
_aRD861.5 _bA14r 2016 _222 |
||
| 100 | 1 |
_aAdames, Frayla Esther _d1960- |
|
| 245 | 1 | 0 |
_aReflexiones del corazón : _buna selección de poemas para la exaltación del alma, el éxito y la armonía familiar / _cFrayla Esther Adames. |
| 260 |
_aSanto Domingo : _bBúho, _c2016. |
||
| 300 |
_a293 p. ; _c23 cm. |
||
| 500 | _aIncluye datos biografícos de la autora en la solapa de la cubierta. | ||
| 590 | _aInventariado, 2021/VM | ||
| 650 | 4 | _aPoesía dominicana | |
| 650 | 4 | _aLiteratura dominicana | |
| 910 | _aVMateo V. | ||
| 942 |
_2ddc _cBK |
||
| 999 |
_c13917 _d13917 |
||